|
|
|
|
| LEADER |
00000naa2a2200000 4500 |
| 001 |
122282 |
| 005 |
20231031125915.0 |
| 035 |
|
|
|a (RuTPU)RU\TPU\book\132408
|
| 090 |
|
|
|a 122282
|
| 100 |
|
|
|a 20071001d2006 k y0rusy50 ca
|
| 101 |
0 |
|
|a rus
|
| 102 |
|
|
|a RU
|
| 200 |
1 |
|
|a Экспансия в строительной отрасли
|f Е. В. Франковская
|
| 320 |
|
|
|a Библиогр.: 4 назв.
|
| 463 |
|
0 |
|0 (RuTPU)RU\TPU\book\116890
|t Экономика России в XXI веке
|o сборник научных трудов III Всероссийской научно-практической конференции "Теоретические проблемы экономической безопасности России в XXI веке"
|f Томский политехнический университет, Инженерно-экономический факультет; под ред. Г. А. Барышевой, Л. М. Борисовой
|v С. 197-198
|d 2006
|p 340 с.
|
| 610 |
1 |
|
|a строительство
|
| 610 |
1 |
|
|a строительная отрасль
|
| 610 |
1 |
|
|a недвижимость
|
| 610 |
1 |
|
|a рынки недвижимости
|
| 610 |
1 |
|
|a цены
|
| 610 |
1 |
|
|a труды учёных ТПУ
|
| 700 |
|
1 |
|a Франковская
|b Е. В.
|c специалист в области экономики
|c аспирант Томского политехнического университета
|f 1980-
|g Елена Викторовна
|2 stltpush
|3 (RuTPU)RU\TPU\pers\25446
|
| 801 |
|
1 |
|a RU
|b 63413507
|c 20071001
|g PSBO
|
| 801 |
|
2 |
|a RU
|b 63413507
|c 20130206
|g RCR
|
| 942 |
|
|
|c BK
|